| 000 | 00839nam a22002057a 4500 | ||
|---|---|---|---|
| 003 | OSt | ||
| 005 | 20210326124056.0 | ||
| 008 | 210326s1993 ck abo|gr|||| 00| 0 spa d | ||
| 020 | _a9586024164 | ||
| 040 |
_aCO-JMCR _cCO-JMCR |
||
| 041 | 0 | _aspa | |
| 082 | 0 | 4 |
_aR / 912 / _bC578g _223 |
| 245 | 0 | 0 | _aGran atlas ilustrado del mundo / |
| 260 |
_aBogotá : _bCirculo de lectores, _c1993. |
||
| 300 |
_axlviii, 252 páginas : _bilustraciones, mapas y fotografías a color ; _c36 cm. |
||
| 505 | _aLa tierra desde el espacio. -- fotografías de satélite. -- El mundo. -- Europa. -- Asia. -- África. -- América. -- Australia y Oceanía. -- Regiones polares. -- Cartas celestes. -- La naturaleza de la tierra. -- Índice de topónimos | ||
| 650 | 1 | 4 |
_aGeografía universal _936571 |
| 650 | 2 | 4 |
_aAtlas del universo _936572 |
| 942 |
_2ddc _cBK |
||
| 999 |
_c15502 _d15502 |
||